000 00304nam a22001337a 4500
008 171027b xxu||||| |||| 00| 0 eng d
020 _a0256023638
041 _aeng
080 _a336
100 _a55
101 _aMEN
245 _aCASES IN MODERN FINANCIAL MANAGEMENT
_cWIPPERN,R.F
942 _2udc
_cBK
999 _c36003
_d36003